000
00303nam a2200121Ia 4500
008
220216s9999 xx 000 0 und d
100
_a
Thevar Aroon
245
0
_a
NR price forecast: A commentary
260
_b
Rubber International Magazine
_c
2000
300
_a
52-57
650
_a
NR price
942
_c
JS
999
_c
64171
_d
64171